000 00431nam a2200181Ia 4500
001 23643
005 20260414150951.0
008 260414t2008||||xx |||||||||||||| ||spa||
041 _aESP
082 _a681.2
_bC88
100 _aCreus Sole, Antonio
_eAUT
245 0 _aInstrumentación industrial
_b
260 _c2008
300 _axix, 775 páginas :
_c23 cm.
650 _aTCA
654 _aCII
942 _cLIB
_dJUS
_fJUS
_2ddc
_n
999 _c23643
_d23643